Univerzitný profesor MUDr. Michal Šeliga

Bibliographic Details
Main Author: Valent, Michal, 1929-2020 (Author)
Format: Article
Language:Slovak

MARC

LEADER 00000nab a2200000ua 4500
001 vtls010833021
003 SK-MaSNL
005 20260304030046.0
008 250310s2012 xo |||||||||||||||||slo|
035 |a (urnnbn)urn:nbn:sk:snk:ar-a06lrl 
035 |a urn:nbn:sk:snk-ab5xjl 
035 |a (uuid)ec80cf87-da0b-4561-95a4-e0a255c2bc9b 
040 |a SNKBUCL  |b slo  |c SNKBUCL  |e AACR2 
041 0 |a slo 
044 |a xo  |c SK 
100 1 |a Valent, Michal,  |d 1929-2020  |4 aut  |9 224017 
245 1 0 |a Univerzitný profesor MUDr. Michal Šeliga  |c Michal Valent 
773 0 |t Revue medicíny v praxi : odborný zdravotnícky časopis  |g Roč. 10, č. 6 (2012), s. 43 
958 |a OND 
958 |a EUIPO 
958 |a article5 
999 |c 2631403  |d 2633333